100 artistes du hip-hop américain - Statistiques

Statistiques générales
  • Ce quiz a été pris 188 fois
  • Le résultat moyen est 33 sur 100
Statistiques - réponses
Projets Artiste % Correct
All Eyez On Me, Me Against The World 2Pac
95%
The Slim Shady LP, Relapse, Music To Be Murdered By Eminem
88%
Graduation, My Beautiful Dark Twisted Fantasy, Jesus is King Kanye West
85%
Doggystyle, Tha Last Meal, Doggumentary Snoop Dogg
82%
Section.80, To Pimp A Butterfly, Mr. Morale and the Big Steppers Kendrick Lamar
81%
Ready to Die, Life After Death The Notorious B.I.G
79%
Get Rich Or Die Tryin', The Massacre, Curtis 50 Cent
76%
Take Care, Views, Honestly Nevermind Drake
76%
The Chronic, 2001 Dr. Dre
76%
Reasonable Doubt, The Blueprint, 4:44 Jay-Z
76%
Rodeo, Astroworld, Utopia Travis Scott
74%
LIVE.LOVE.A$AP, Testing A$AP Rocky
73%
Illmatic, It Was Written, King's Disease Nas
72%
Tha Carter, I Am Not A Human Being, I Am Music Lil Wayne
67%
Cherry Bomb, Flower Boy, IGOR Tyler, The Creator
63%
17, ? XXXTentacion
63%
channel ORANGE, Blonde Frank Ocean
60%
Goodbye & Good Riddance, Death Race For Love Juice WRLD
54%
Slaughter King, i am > i was, american dream 21 Savage
53%
Die Lit, Whole Lotta Red Playboi Carti
53%
Operation: Doomsday, MM..FOOD MF Doom
52%
Monster, DS2, I Never Liked You Future
51%
Luv Is Rage, Eternal Atake, Pink Tape Lil Uzi Vert
49%
Not All Heroes Wear Capes, Heroes & Villains Metro Boomin
49%
2014 Forest Hills Drive, KOD, The Off-Season J. Cole
48%
Gangsta Bitch Music, Invasion of Privacy Cardi B
46%
Pink Friday, The Pinkprint, Queen Nicki Minaj
46%
1999, All-AmeriKKKan Bada$$ Joey Bada$$
45%
Barter 6, So Much Fun, Jeffery Young Thug
45%
AmeriKKKa's Most Wanted, The Predator Ice Cube
44%
Drip or Drown, DS4EVER, One of Wun Gunna
43%
Too Hard, It's Only Me, WHAM Lil Baby
43%
ATLiens, Stankona, Aquemini Outkast
42%
Meet The Woo, Shoot For The Stars Aim For The Moon Pop Smoke
42%
Dangerously In Love, Lemonade, Renaissance Beyoncé
41%
Young Rich N*ggas, Currency, Culture Migos
41%
36 Chambers, Iron Flag, Chamber Music Wu-Tang Clan
40%
The Infamous, Juvenile Hell Mobb Deep
38%
Ctrl, SOS SZA
38%
Man On The Moon, Indicud, INSANO Kid Cudi
37%
Finally Rich, Big Gucci Sosa, Dirty Nachos Chief Keef
36%
Kiss Land, Starboy, Dawn FM The Weeknd
36%
Alivë, Lyfë, 2093 Yeat
33%
Music Of The Sun, Talk That Talk, ANTI Rihanna
32%
My Name Is My Name, Daytona, It's Almost Dry Pusha T
30%
The Documentary, Born In the Bay, Paisley Dreams The Game
30%
Habits & Contradictions, CrasH Talk, Blue Lips ScHoolboy Q
29%
Baby Face Killa, Alfredo, Piñata Freddie Gibbs
28%
Donny Womack, Love Sick, Hardstone Psycho Don Toliver
27%
Virgo World, TEC, PLAN A Lil Tecca
27%
Trap House, Breakfast, Greatest Of All Trappers Gucci Mane
26%
Watching Movies with the Sound Off, GO:OD AM, Circles Mac Miller
26%
Please Excuse Me for Being Antisocial, Live Life Fast Roddy Ricch
25%
Doo-Wops & Hooligans, Unorthodox Jukebox, 24K Magic Bruno Mars
24%
Because the Internet, "Awaken, My Love!" Childish Gambino
24%
The Never Story, The Forever Story JID
24%
LIFE'S A TRIP, !, Pegasus Trippie Redd
24%
TA13OO, ZUU, King Of The Mischievous South Denzel Curry
21%
Oh The Places You'll Go, Alligator Bites Never Heal Doechii
21%
Die A Legend, The Goat, Hood Poet Polo G
20%
Black On Both Sides, The New Danger Mos Def
19%
Stoney, Hollywood's Bleeding, F-1 Trillion Post Malone
19%
Music and Me, G-Funk Mix Nate Dogg
18%
Port Of Miami, Trilla, Hood Billionaire Rick Ross
18%
Hitler Wears Hermes, Pray For Paris Westside Gunn
18%
Top, Until Death Call My Name, Richest Opp NBA Youngboy
17%
Acid Rap, Coloring Book, The Big Day Chance The Rapper
16%
Wild West, 23, Can't Rush Greatness Central Cee
15%
It's Dark And Hell Is Hot, Grand Champ, The Weigh In DMX
15%
Top Shotta, Cottonwood, Certified NLE Choppa
15%
Regulate, I Want It All, Return Of The Regulator Warren G
15%
The Cool, Tetsuo & Youth, Samurai Lupe Fiasco
14%
Dreams And Nightmares, Championships Meek Mill
14%
Rolling Papers, Taylor Allerdice, Multiverse Wiz Khalifa
14%
Long Live The Kane, Taste of Chocolate Big Daddy Kane
13%
Exclusive, Royalty, Indigo Chris Brown
13%
Supreme Clientele, Fishscale, Set The Tone Ghostface Killah
13%
Slimeball, EA Monster, Gumbo Young Nudy
13%
Capital Punishment, Yeah Baby Big Pun
12%
My World, Purpose, Justice Justin Bieber
12%
Walking With A Panther, Mama Said Knock You Out LL Cool J
12%
Apollo XXI, Gemini Rights Steve Lacy
11%
The Coming, Genesis, Blockbusta Busta Rhymes
10%
Word Of Mouf, Chicken - N - Beer, Release Therapy Ludacris
10%
The 18th Letter, The Master, The Seventh Seal Rakim
10%
Represent, Don Cartagena, Jealous Ones Still Envy Fat Joe
8%
My Krazy Life, Still Brazy, STAY DANGEROUS YG
8%
Supa Dupa Fly, Da Real World, Under Construction Missy Elliott
7%
Flockaveli, Salute Me or Shoot Me Waka Flocka Flame
7%
Trust the Sopranos, Everybody Can't Go, Tana Talk Benny The Butcher
6%
Amar, Take Care BigXthaPlug
6%
Can I Borrow A Dollar ?, Be, Let Love Common
6%
Sonder Son, Fuck The World, WASTELAND Brent Faiyaz
5%
Restless, Man VS Machine, Kingmaker Xzibit
5%
Good For You, Limbo, 13 Months of Sunshine Aminé
4%
El Mariel, Globalization, Trackhouse Pitbull
4%
The Price Of Tea In China, Super Tecmo Bo Boldy James
3%
The Ruler's Back, The Art Of Storytelling Slick Rick
3%
Amplified, The Renaissance, Kamaal The Abstract Q-Tip
2%
Anomaly, Let the Trap Say Amen, Church Clothes Lecrae
1%
Aucun quiz correspondant
Distribution des résultats
% des personnes avec chaque résultat
Percentile par nombre de réponses
Votre historique - résultats
Vous n’avez pas pris ce quiz